| 000 | 00710nam a2200229 a 4500 | ||
|---|---|---|---|
| 001 | 69768 | ||
| 003 | BD-RjUL | ||
| 005 | 20211209081925.0 | ||
| 008 | 700422r19791970enka b 001 0 eng | ||
| 020 | _a0521074401 | ||
| 035 | _a(BD-RjUL)69980 | ||
| 040 |
_aDLC _cDLC _dDLC _beng |
||
| 041 | _aeng | ||
| 082 | 0 | 0 |
_223 _a548.83 _bWOI 1979 |
| 100 | 1 |
_aWoolfson, Michael M. _q(Michael Mark) _9206655 |
|
| 245 | 1 | 3 |
_aAn introduction to X-ray crystallography / _c M. M. Woolfson. |
| 260 |
_aCambridge : _bCambridge University Press, _c1970 [reprinted 1979] |
||
| 300 |
_aix, 380 p. : _bill. ; _c24 cm. |
||
| 504 | _aIncludes Bibliography and index | ||
| 650 | 0 |
_aX-ray crystallography. _9142963 |
|
| 942 |
_2ddc _cBK _01 |
||
| 999 |
_c69768 _d69768 |
||